Nuôi vịt ngỗng chăn thả

Guardat en:
Dades bibliogràfiques
Autor principal: Đào Đức Long
Format: Llibre
Idioma:Undetermined
Publicat: Hà Nội Nông Nghiệp 1979
Matèries:
Etiquetes: Afegir etiqueta
Sense etiquetes, Sigues el primer a etiquetar aquest registre!
Thư viện lưu trữ: Trung tâm Học liệu Trường Đại học Cần Thơ
LEADER 00526nam a2200181Ia 4500
001 CTU_14264
008 210402s9999 xx 000 0 und d
082 |a 636.59 
082 |b L431 
100 |a Đào Đức Long 
245 0 |a Nuôi vịt ngỗng chăn thả 
245 0 |c Đào Đức Long, Nguyễn Chí Bảo 
260 |a Hà Nội 
260 |b Nông Nghiệp 
260 |c 1979 
650 |a poultry - breeding 
904 |i Minh, 961231 
980 |a Trung tâm Học liệu Trường Đại học Cần Thơ